000
00177 a2200097 4500
020
_a
9780545112758
041
_a
eng
100
_a
Anne Schreiber
245
_a
Sharks
942
_c
K
999
_c
31366
_d
31364